00543nam a2200157 a 450000100100000000500170001000800410002702000150006804000250008308200150010810000400012324500730016326000520023630000270028850000700031500002196620200930011525.0100915s2003 dr a 000 0 spa d a9993494917 aDO-SdBNPbspacBNPHU axxxbC389c1 aCedeño Pecunia, Marina Altagracia10aConducta social en el trabajo /cMarina Altagracia Cedeño Pecunia. aSanto Domingo :bSomos Artes Gráficas,c2003. a99 p. :bil. ;c21 cm. aIncluye datos biográficos del autor en la solapa de la cubierta